Normal view
MARC view
- L.Gary Leal
Entry Personal Name
001 - CONTROL NUMBER
- control field: 54361
003 - CONTROL NUMBER IDENTIFIER
- control field: NUST
005 - DATE AND TIME OF LATEST TRANSACTION
- control field: 20210421115941.0
008 - FIXED-LENGTH DATA ELEMENTS
- fixed length control field: 210421|| aca||aabn | a|a d
040 ## - CATALOGING SOURCE
- Original cataloging agency: NUST
- Transcribing agency: NUST
100 ## - HEADING--PERSONAL NAME
- Personal name: L.Gary Leal
670 ## - SOURCE DATA FOUND
- Source citation: Work cat.: (NUST): L.Gary Leal, Advanced Transport Phenomena Fluid Mechanics and Convective Transport Processes, 2007
